00265nam a2200109Ia 4500008004100000041001200041082001100053100001800064245006100082260000600143650000600149221030s9999 xx 000 0 und d aEnglish a105.23 aE. P. DeGarmo 0aMaterials & processes in Manufacturingcby E. P. DeGarmo c0 aB